Commercial property service charge handover procedures (Record no. 115354)

MARC details
000 -LEADER
fixed length control field 01451cad a22002895a 4500
001 - CONTROL NUMBER
control field L158513
008 - FIXED-LENGTH DATA ELEMENTS--GENERAL INFORMATION
fixed length control field 110329s2015 xxk f 000 0 eng d
020 ## - INTERNATIONAL STANDARD BOOK NUMBER
International Standard Book Number 9781783210985
035 ## - SYSTEM CONTROL NUMBER
System control number (Sirsi) u158513
041 0# - LANGUAGE CODE
Language code of text/sound track or separate title eng
050 04 - LIBRARY OF CONGRESS CALL NUMBER
Classification number 346.4104342 $2 18
110 2# - MAIN ENTRY--CORPORATE NAME
Corporate name or jurisdiction name as entry element Royal Institution of Chartered Surveyors
9 (RLIN) 4900
245 00 - TITLE STATEMENT
Title Commercial property service charge handover procedures
Medium [electronic resource]
260 ## - PUBLICATION, DISTRIBUTION, ETC.
Place of publication, distribution, etc. London
Name of publisher, distributor, etc. RICS
Date of publication, distribution, etc. 2015
300 ## - PHYSICAL DESCRIPTION
Extent 11p.
490 #0 - SERIES STATEMENT
Series statement RICS Guidance Note
520 ## - SUMMARY, ETC.
Summary, etc. Covers commercial multi-let property where there is a service charge. It deals with the handover of financial and supplier information between owners and/ or managers. This guidance note is aimed at property owners and managers and their legal advisers. Its intention is to set out a series of procedures which will apply during any handover period in order to improve the quality of service to the industry?s customers. Supersedes the previous information paper of the same name (published in 2011).
521 ## - TARGET AUDIENCE NOTE
Target audience note Advanced
590 ## - LOCAL NOTE (RLIN)
Local note KA
650 24 - SUBJECT ADDED ENTRY--TOPICAL TERM
Topical term or geographic name entry element SERVICE CHARGE
651 #4 - SUBJECT ADDED ENTRY--GEOGRAPHIC NAME
Geographic name United Kingdom
690 ## - LOCAL SUBJECT ADDED ENTRY--TOPICAL TERM (OCLC, RLIN)
Topical term or geographic name as entry element Landlord and tenant
9 (RLIN) 6252
690 ## - LOCAL SUBJECT ADDED ENTRY--TOPICAL TERM (OCLC, RLIN)
Topical term or geographic name as entry element Commercial property
9 (RLIN) 6227
700 1# - ADDED ENTRY--PERSONAL NAME
Personal name Forrester, Peter
856 40 - ELECTRONIC LOCATION AND ACCESS
Uniform Resource Identifier <a href="https://www.isurv.com/downloads/file/6451/commercial_property_service_charge_handover_procedures_1st_edition_guidance_note_march_2015">https://www.isurv.com/downloads/file/6451/commercial_property_service_charge_handover_procedures_1st_edition_guidance_note_march_2015</a>
Public note Available on isurv (subscription required)
942 ## - ADDED ENTRY ELEMENTS (KOHA)
Suppress in OPAC 0
Source of classification or shelving scheme Dewey Decimal Classification
Holdings
Withdrawn status Lost status Source of classification or shelving scheme Damaged status Not for loan Home library Current library Shelving location Date acquired Total Checkouts Full call number Barcode Date last seen Copy number Price effective from Koha item type
    Dewey Decimal Classification     London London RICS Boxes 27/07/2017   RICS 2015/11 30078400 06/08/2019 1 06/08/2019 Book
    Dewey Decimal Classification     London London RICS Boxes 27/07/2017   RICS 2015/11 30078401 06/08/2019 2 06/08/2019 Book
    Dewey Decimal Classification     Virtual Virtual Online 08/04/2015   iSurv 158513-2001 28/04/2023 1 06/08/2019 Online material